| 000 | 00758nam a2200205 a 4500 | ||
|---|---|---|---|
| 999 |
_c1180 _d1180 |
||
| 001 | 1180 | ||
| 003 | CDMR | ||
| 005 | 20240123162059.0 | ||
| 008 | 130130s1991||||||||||||||||||||||||||||d | ||
| 040 |
_aCDMR _bcat _cCDMR |
||
| 100 | 1 |
_aCasasús, Josep Maria _9799 |
|
| 245 | 1 | 0 |
_aEnric Prat de la Riba, periodista _c / [Josep Maria Casasús i Guri] |
| 260 |
_aCastellterçol : _bCasa-Museu Prat de la Riba, _c1991 |
||
| 300 | _a32 p. | ||
| 490 | 0 |
_aAnnals _v; 7 |
|
| 505 | _aConté: conferència "Prat de la riba periodista", de Josep Maria Casasús i Guri, pronunciada el dia 1 d'agost de 1991, a la Casa-Museu Prat de la Riba de Castellterçol | ||
| 600 | 1 |
_9924 _aPrat de la Riba, Enric |
|
| 650 | 0 | 4 |
_93139 _aPeriodistes catalans _vBiografia |
| 942 |
_cPON _2udc |
||